Cost Accounting (Record no. 6074)

MARC details
005 - DATE AND TIME OF LATEST TRANSACTION
control field 20250628145606.0
020 ## - INTERNATIONAL STANDARD BOOK NUMBER
International Standard Book Number 10987654321
082 ## - DEWEY DECIMAL CLASSIFICATION NUMBER
Classification number 657.42 MOR
100 ## - MAIN ENTRY--PERSONAL NAME
Author name MORIARITY,S.
245 ## - TITLE STATEMENT
Title Cost Accounting
250 ## - EDITION STATEMENT
Edition statement 2nd Ed.
260 ## - PUBLICATION, DISTRIBUTION, ETC.
Place of publication, distribution, etc. New York.
Name of publisher, distributor, etc. John Wiley & Sons,Ltd,
Date of publication, distribution, etc. 1987.
300 ## - PHYSICAL DESCRIPTION
Extent xxvi,1091p.
Other physical details index.
Dimensions 23cm.
700 ## - ADDED ENTRY--PERSONAL NAME
Other authors/Editors ALLEN,C.
942 ## - ADDED ENTRY ELEMENTS (KOHA)
Source of classification or shelving scheme Dewey Decimal Classification
Koha item type Books
Holdings
Date last seen Total checkouts Full call number Barcode Cost, replacement price Price effective from Koha item type Lost status Source of classification or shelving scheme Damaged status Not for loan Withdrawn status Home library Current library Date acquired Source of acquisition Cost, normal purchase price
06/28/2025   657.42 MOR DOM000498 150000.00 06/28/2025 Books   Dewey Decimal Classification       CBE Dodoma CBE Dodoma 01/07/2000 Library budget 50000.00